000 02112nam a2200325 i 4500
003 EG-GICUC
005 20260509215506.0
008 260509s1900 ua |||fr|||| 00| 0 ara d
040 _a EG-GICUC
_bara
_c EG-GICUC
_d EG-GICUC
_erda
041 0 _aAra
082 0 4 _221
_a343.124
_bإ ب . د
092 0 4 _221
099 _aLaw1 10 343.124 إ ب . د 1900
100 0 _aإبراهيم عبدالخالق
_eمؤلف.
245 1 2 _aالدفوع الجنائية فى قانون العقوبات وفقاً لأحدث التعديلات حتى القانون 5 لسنة 2018 :
_bشرح عملي لكافة الدفوع القانونية المهمة والعملية الواردة في قانون العقوبات فى ضوء أحدث التعديلات وفى ضوء آراء الفقه والمستحدث من القضاء حتى ۲۰۱۷.
_nالجزء الثانى،
_pجرائم الجرح والضرب * جرائم القتل والإصابة الخطأ * جرائم القتل العمد جرائم البلطجة * جريمة اسقاط الحوامل * جرائم الحريق والإتلاف : جريمة انتهاك حرمة ملك الغير * جريمة الامتناع عن تسليم الطفل : جريمة إخفاء جثة قتيل * جرائم السرقات بأنواعها * جرائم النصب والإحتيال /
_cتأليف المستشار إبراهيم عبدالخالق.
264 1 _aالقاهرة :
_bالمكتب الفنى للإصدارات القانونية،
_c1900.
300 _a384 ؛صفحة
_c24 سم.
_bإيضاحيات، صور، مثيليات ؛
336 _2rda content
_atext
337 _2rda media
_aComputer
338 _2rda carrier
_aOnline Resource
500 _aإهداء من حسن على
504 _a. 240-220 ببليوجرافيا: صفحات.
546 _aالنص باللغة العربية
650 1 _aالدفاع الشرعى
_2qrmak
650 1 _aالقانون الجنائى
_2qrmak
651 1 _2qrmak
856 4 0 _uhttps://fll.law.cu.edu.eg/fulltext/bks/B10-11212.pdf
905 _a54
942 _2ddc
_cBK
_e21
_n0
999 _c76433
_d76433